csgo/cs2 Major MVP - Statistics

General Stats
  • This quiz has been taken 509 times
    126 since last reset
  • The average score is 16 of 22
Answer Stats
Question Answer % Correct
BLAST.tv Paris Major 2023 ZywOo
92%
BLAST.tv Austin Major 2025 ZywOo
91%
Perfect World Shanghai Major 2024 donk
90%
PGL Major Stockholm 2021 s1mple
90%
DreamHack Winter 2014 Happy
87%
PGL CS2 Major Copenhagen 2024 jL
86%
MLG Columbus 2016 coldzera
84%
Starladder Major Berlin 2019 device
83%
DreamHack Open Cluj-Napoca 2015 kennyS
81%
EMS One Katowice 2014 PashaBiceps
81%
IEM Katowice 2018 Magisk
80%
IEM Rio Major 2022 Jame
79%
FACEIT Major 2018 device
77%
ESL One Katowice 2015 olofmeister
70%
ESL One Cologne 2016 coldzera
69%
PGL Major Antwerp 2022 rain
67%
PGL Major Krakow 2017 AdreN
64%
ELEAGUE Major 2017 Kjaerbye
64%
ELEAGUE Major 2018 tarik
63%
DreamHack Winter 2013 JW
50%
ESL One Cologne 2015 flusha
44%
ESL One Cologne 2014 friberg
28%
No matching quizzes found
Score Distribution
Percent of People with Each Score
Percentile by Number Answered
Your Score History
You have not taken this quiz since the last reset